Gas leaks (Record no. 76296)

MARC details
000 -LEADER
fixed length control field 01195cab a2200265 4500
001 - CONTROL NUMBER
control field ##L131932
008 - FIXED-LENGTH DATA ELEMENTS--GENERAL INFORMATION
fixed length control field 051219n2005 000 0 eng u
035 ## - SYSTEM CONTROL NUMBER
System control number (Sirsi) u131932
041 #0 - LANGUAGE CODE
Language code of text/sound track or separate title eng
100 1# - MAIN ENTRY--PERSONAL NAME
Personal name Marcus, Peter
245 00 - TITLE STATEMENT
Title Gas leaks
260 ## - PUBLICATION, DISTRIBUTION, ETC.
Date of publication, distribution, etc. 2005
490 #0 - SERIES STATEMENT
Series statement Solicitors' Journal
Volume/sequential designation 149 (47) 9 December 2005, 1471-1473(3)
520 ## - SUMMARY, ETC.
Summary, etc. Advises landlords on how to gain access to properties for mandatory gas inspections when the tenants won't let them in. Since the late 1990s landlords have been under an express legal obligation to check all properties with gas appliances at least once every 12 months. Looks at a range of legal and non-legal solutions to the problem of gaining entry.
590 ## - LOCAL NOTE (RLIN)
Local note IKA030106
650 24 - SUBJECT ADDED ENTRY--TOPICAL TERM
Topical term or geographic name entry element GAS SAFETY (INSTALLATION AND USE) REGULATIONS 1998 REG 36
650 24 - SUBJECT ADDED ENTRY--TOPICAL TERM
Topical term or geographic name entry element GAS SAFETY (INSTALLATION AND USE) REGULATIONS 1998 REG 39
650 24 - SUBJECT ADDED ENTRY--TOPICAL TERM
Topical term or geographic name entry element CRIMINAL LAW ACT 1977
650 24 - SUBJECT ADDED ENTRY--TOPICAL TERM
Topical term or geographic name entry element HOUSING ACT 1985 S54
650 24 - SUBJECT ADDED ENTRY--TOPICAL TERM
Topical term or geographic name entry element HOUSING ACT 1988 S16
650 24 - SUBJECT ADDED ENTRY--TOPICAL TERM
Topical term or geographic name entry element ENVIRONMENTAL PROTECTION ACT 1990 S79
650 24 - SUBJECT ADDED ENTRY--TOPICAL TERM
Topical term or geographic name entry element ENVIRONMENTAL PROTECTION ACT 1990 S80
690 ## - LOCAL SUBJECT ADDED ENTRY--TOPICAL TERM (OCLC, RLIN)
Topical term or geographic name as entry element PROPERTY-RESIDENTIAL PROPERTY-RESIDENTIAL PROPERTY MANAGEMENT
942 ## - ADDED ENTRY ELEMENTS (KOHA)
Suppress in OPAC 0
Holdings
Withdrawn status Lost status Source of classification or shelving scheme Damaged status Not for loan Home library Current library Shelving location Date acquired Total Checkouts Full call number Barcode Date last seen Copy number Price effective from Koha item type
    Dewey Decimal Classification     London London Journal article 19/12/2005   L131932 131932-1001 06/08/2019 1 06/08/2019 Journal article